000 00379nam a2200157Ia 4500
003 LK-CoDNM
008 010623t xxu||||| |||| 00| 1 eng d
040 _aLK-CoDNM
_dLK-CoDNM
_eLK-CoDNM
041 _aeng
080 _a(x) 04
_bPAG
245 _aPayment of Lanka to celebrate Independence of Ceylon
260 _b?
300 _b101p,Pl., 24 cm
650 _amask
942 _cBK
999 _c135272
_d135272